000
00292nam a22001217a 4500
040
_c
HS
082
_a
333 TIS 1990 C085
100
_a
TISDEL CLEMENT A.
245
_a
Natural resources, growth, and development
260
_a
New York
_b
TISDEL CLEMENT A.
_c
1990
300
_a
186p;
942
_c
EK
999
_c
11074
_d
11074